Médailles d'or aux Jeux Olympiques d'hiver - Statistiques

Statistiques générales
  • Ce quiz a été pris 98 fois
  • Le résultat moyen est 13 sur 15
Statistiques - réponses
Nombre de médailles d'or Pays % Correct
105 États-Unis
100%
73 Canada
99%
36 France
98%
45 Russie
97%
57 Suède
97%
43 Finlande
96%
132 Norvège
96%
111 Allemagne
93%
55 Suisse
92%
40 Italie
91%
64 Autriche
86%
78 Union soviétique
75%
45 Pays-Bas
63%
25 Corée du Sud
59%
39 Allemagne de l'Est
54%
Aucun quiz correspondant
Distribution des résultats
% des personnes avec chaque résultat
Percentile par nombre de réponses
Votre historique - résultats
Vous n’avez pas pris ce quiz